Responses for show #6418 - Wednesday, July 11, 2012

Contestants

A.J. Motley, a student of diagnostic sonography from Wylie, Texas

Lynn Welch, a pharmacist from Evanston, Illinois

Prabhu Balasubramanian, a product manager from Mountain View, California (whose 1-day cash winnings total $9,199)

Jeopardy! Round responses

1933
BABY, YOU'RE A RICH MAN OR WOMAN
ABBREVIATED BANDS
INTERNATIONALITIES
(Alex: Each correct response will contain the name of a nationality.)
FAST FOOD
"F"-STOPS
    $200 26
the Nazi Party

A.J.
    $200 18
Bill Gates

A.J.
    $200 13
the Red Hot Chili Peppers

A.J.
    $200 6
the German shepherd

Lynn
    $200 8
popcorn chicken

Prabhu
    $200 1
finale

Prabhu
    $400 27
the Golden Gate Bridge

A.J.
    $400 19
Warren Buffett

A.J.
    $400 14
the Bosstones

A.J.
    $400 7
(Prabhu: What is Australian rugby?)
(Alex: Yes, Australian rugby--no, sorry.)

Australian rules football

Prabhu
Triple Stumper
    $400 9
Wendy's

A.J.
    $400 2
frontier

Prabhu
    $600 30
(Lynn: What was the 19th Amendment?)

the 18th Amendment

PrabhuLynn
    $600 20
FarmVille

Lynn
    $600 15
New Kids on the Block & the Backstreet Boys

A.J.
    $600 23
a White Russian

Lynn
    $600 10
Burger King

Prabhu
    $600 3
flambé

Prabhu
    $800 28
Reader's Digest

A.J.
    $800 21
the Waltons

A.J.
    $800 16
Palmer

A.J.
    $800 24
Swiss bank accounts

Triple Stumper
    $800 11
Hardee's

Prabhu
    $800 4
Fringe

A.J.
    $2,000 29
(A.J.: Who is Nureyev?)

George Balanchine

A.J.
    $1000 22
Michael Dell

Prabhu
    $1000 17
Linkin Park

Triple Stumper
    $1000 25
a French press

Prabhu
    $1000 12
Taco Bell

A.J.
    $1000 5
forfeit

Prabhu

Scores at the first commercial break (after clue 15):

Prabhu Lynn A.J.
$3,400 $200 $3,400

Scores at the end of the Jeopardy! Round:

Prabhu Lynn A.J.
$6,000 $800 $5,000

Double Jeopardy! Round responses

THE ILIAD & THE ODYSSEY
WE LOVE "L.A."
THE 50 STATES
MOVIE TITLE REFERENCES
THE HARD STUFF
OXYMORONS
    $400 11
(Prabhu: Who is Armstrong?)
(Alex: No. sorry.)
...
(Alex: You forgot the category--WE LOVE "L.A.")

Louis Armstrong

Prabhu
Triple Stumper
    $400 1
Alaska

A.J.
    $400 6
The Iron Lady

Prabhu
    $400 16
diamond

Lynn
    $400 21
good grief

Lynn
    $800 26
(Alex: Less than a minute to go now.)

vultures

A.J.
    $800 12
Lucie Arnaz

A.J.
    $800 2
the horned toad

Prabhu
    $800 7
WALL-E

Prabhu
    $800 17
granite

Lynn
    $800 22
Urban Cowboy

Triple Stumper
    $400 28
(A.J.: Who is Hector?)
(Alex: No, Hector was the body. He was the son of [*].)

King Priam

A.J.
    $1200 13
Laura Ashley

Lynn
    $1200 3
Maine

Prabhu
    $1200 8
The Rock

A.J.
    $2,000 18
sapphire

Lynn
    $1200 23
a guest host

Triple Stumper
    $1600 27
Paris & Menelaus

Triple Stumper
    $1600 14
Loni Anderson

A.J.
    $1600 4
Nikki Haley

Lynn
    $1600 9
Avatar

Triple Stumper
    $1600 19
Mohs

A.J.
    $1600 24
jumbo shrimp

Prabhu
    $2000 29
[The end-of-round signal sounds.]

a scar

Triple Stumper
    $2000 15
Lamar Alexander

A.J.
    $2000 5
New Jersey

Triple Stumper
    $2000 10
The Vow

A.J.
    $2000 20
stainless steel

A.J.
    $2000 25
student teachers

A.J.

Scores at the end of the Double Jeopardy! Round:

Prabhu Lynn A.J.
$10,400 $7,200 $19,000

[wagering suggestions for these scores]

Final Jeopardy! Round responses

INAUGURAL ADDRESSES
(Alex: [To Lynn] Yes, indeed. 72 and 1789 gives you 1861.)
LynnWho was Lincoln?
$7,198
PrabhuWho was Lincoln?
$7,000
A.J.Who is Abraham Lincoln?
$1,801
Abraham Lincoln

Final scores:

Prabhu Lynn A.J.
$17,400 $14,398 $20,801
2nd place: $2,000 3rd place: $1,000 New champion: $20,801

Game dynamics:

Coryat scores:

Prabhu Lynn A.J.
$10,400 $6,400 $21,400
15 R,
2 W
9 R
(including 1 DD),
1 W
23 R,
2 W
(including 2 DDs)

Combined Coryat: $38,200

The J! Archive is created by fans, for fans. The Jeopardy! game show and all elements thereof, including but not limited to copyright and trademark thereto, are the property of Jeopardy Productions, Inc. and are protected under law. This website is not affiliated with, sponsored by, or operated by Jeopardy Productions, Inc. Join the discussion at JBoard.tv.